La guerra de la independencia y el nacimiento de la España contemporánea : el desafío al viejo orden /

El objetivo de este libro es comprender el conflicto que constituye un ejemplo y una conspiración para otras naciones europeas incorporadas involuntariamente al sistema napoleónico, que minó decisivamente en la estructura napoléonica, y del que surgió una nueva España, acosada por azarosos y complej...

Olles dieđut

Furkejuvvon:
Bibliográfalaš dieđut
Váldodahkki: Lovett, Gabriel H. (autor)
Materiálatiipa: Girji
Giella:espánnjágiella
Almmustuhtton: Barcelona, España : Península, 1975, c1975
Ráidu:(Historia, Ciencia, Sociedad ; 115)
Fáttát:
Fáddágilkorat: Lasit fáddágilkoriid
Eai fáddágilkorat, Lasit vuosttaš fáddágilkora!

MARC

LEADER 00000nam^a2200000^a^4500
001 000128549
005 20250521000000.0
009 20260310094841.321
020 |a 84-297-1064-7 
037 |a Acervo ITESO - Biblioteca 
041 |a ESP 
082 |a 946. 06  |b LOV 
100 |a Lovett, Gabriel H.  |e (autor) 
245 1 3 |a La guerra de la independencia y el nacimiento de la España contemporánea :  |b el desafío al viejo orden /  |c G.H. Lovett. 
264 4 |a Barcelona, España :  |b Península,  |c 1975, c1975 
300 |a 378 p. 
336 |a texto  |b txt  |2 rdacontenido 
337 |a sin mediación  |b n  |2 rdamedio 
338 |a volumen  |b nc  |2 rdasoporte 
440 1 |a (Historia, Ciencia, Sociedad ;  |v 115) 
520 |a El objetivo de este libro es comprender el conflicto que constituye un ejemplo y una conspiración para otras naciones europeas incorporadas involuntariamente al sistema napoleónico, que minó decisivamente en la estructura napoléonica, y del que surgió una nueva España, acosada por azarosos y complejos problemas que ha seguido padeciendo hasta la actualidad. 
649 |a XX 
650 |a Política -  |z España -  |x Historia -  |y Conquista Napoleónica, 1808-1814 
650 |a España -  |x Historia -  |y Conquista Napoleónica, 1808-1814 
650 |a España -  |x Historia -  |y Siglo XIX 
650 |a España -  |x Historia -  |y Borbones, 1700-1931 
910 |a Fondo Salvador Reynoso Reynoso 
920 |a Impresos - Libros 
930 |a Fondos Especiales 
905 |a 112 
901 |a 0800010444  |b IT2  |c ESP  |u 20250521 
902 |a https://opac.biblio.iteso.mx/vufind/Record/000128549